The RICS and Macdonald and Company Middle East salary survey 2010 (Record no. 112011)

MARC details
000 -LEADER
fixed length control field 01099cad a22002655a 4500
001 - CONTROL NUMBER
control field L152346
008 - FIXED-LENGTH DATA ELEMENTS--GENERAL INFORMATION
fixed length control field 110224s2011 xxkd f s 000 0 eng d
035 ## - SYSTEM CONTROL NUMBER
System control number (Sirsi) u152346
041 0# - LANGUAGE CODE
Language code of text/sound track or separate title eng
050 04 - LIBRARY OF CONGRESS CALL NUMBER
Classification number 331.281333 $2 18
110 2# - MAIN ENTRY--CORPORATE NAME
Corporate name or jurisdiction name as entry element Royal Institution of Chartered Surveyors
9 (RLIN) 4900
240 ## - UNIFORM TITLE
Uniform title The RICS and Macdonald and Company salary survey
245 04 - TITLE STATEMENT
Title The RICS and Macdonald and Company Middle East salary survey 2010
Remainder of title executive summary key findings
Medium [electronic resource]
260 ## - PUBLICATION, DISTRIBUTION, ETC.
Place of publication, distribution, etc. London
Name of publisher, distributor, etc. Macdonald and Company
-- RICS
Date of publication, distribution, etc. 2010
300 ## - PHYSICAL DESCRIPTION
Extent 24p.
Other physical details ill.
Dimensions 30cm.
520 ## - SUMMARY, ETC.
Summary, etc. Executive summary and key findings from the RICS and Macdonald and Company middle east salary survey 2010-2011.
521 2# - TARGET AUDIENCE NOTE
Target audience note Advanced
590 ## - LOCAL NOTE (RLIN)
Local note KA
650 24 - SUBJECT ADDED ENTRY--TOPICAL TERM
Topical term or geographic name entry element RICS SALARY AND BENEFITS SURVEYS
651 #4 - SUBJECT ADDED ENTRY--GEOGRAPHIC NAME
Geographic name Middle East
690 ## - LOCAL SUBJECT ADDED ENTRY--TOPICAL TERM (OCLC, RLIN)
Topical term or geographic name as entry element MANAGEMENT-BUSINESS MANAGEMENT-HUMAN RESOURCE MANAGEMENT
710 2# - ADDED ENTRY--CORPORATE NAME
Corporate name or jurisdiction name as entry element Macdonald and Company
9 (RLIN) 3846
856 41 - ELECTRONIC LOCATION AND ACCESS
Uniform Resource Identifier <a href="https://www.macdonaldandcompany.com/salary-survey-middle-east">https://www.macdonaldandcompany.com/salary-survey-middle-east</a>
Public note View the item free of charge at www.macdonaldandcompany.com...
942 ## - ADDED ENTRY ELEMENTS (KOHA)
Suppress in OPAC 0
Holdings
Withdrawn status Lost status Source of classification or shelving scheme Damaged status Not for loan Home library Current library Shelving location Date acquired Total Checkouts Full call number Barcode Date last seen Copy number Price effective from Koha item type
    Dewey Decimal Classification     Virtual Virtual Online 24/02/2011   ONLINE PUBLICATION 152346-2001 06/08/2019 1 06/08/2019 Book